| 000 | 01007nam a2200325 i 4500 | ||
|---|---|---|---|
| 001 | bg | ||
| 003 | BPK | ||
| 005 | 20210825145125.0 | ||
| 008 | 000225s1999 pl a f f |001 0 pol | ||
| 015 | _aPB 2000/7760 | ||
| 020 | _a8321341179 | ||
| 040 |
_aWA N _cBPK |
||
| 041 | 0 | _apol | |
| 080 | _a699.8:728 | ||
| 080 | _a579 | ||
| 080 | _a504 | ||
| 080 | _a(07) | ||
| 100 | 1 |
_aZyska, Bronisław _d(1924-2006) _eAutor |
|
| 245 | 1 | 0 |
_aZagrożenia biologiczne w budynku / _cBronisław Zyska. |
| 260 |
_aWarszawa : _b"Arkady", _c1999. |
||
| 300 |
_a250, [2] s., [16] s. tabl. (gł. kolor.) : _bil., 2 mapy ; _c25 cm. |
||
| 504 | _aBibliogr. - Indeksy. | ||
| 650 | 4 |
_aBudownictwo mieszkaniowe _xhigiena. |
|
| 650 | 4 | _aDegradacja środowiska | |
| 650 | 4 | _aMikrobiologia | |
| 655 | 4 | _aPodręcznik | |
| 710 | 2 |
_aWydawnictwo "Arkady". _4pbl. |
|
| 856 | 4 | 1 |
_uhttp://koha.tu.koszalin.pl/cgi-bin/koha/opac-detail.pl?biblionumber=36873 _yKatalog online BPK |
| 942 |
_2UKD _cKS |
||
| 999 |
_c36873 _d36873 |
||